| 000 | 00536nam a2200181 i 4500 | ||
|---|---|---|---|
| 001 | 23174 | ||
| 003 | ES-MaACL | ||
| 005 | 20230906152828.0 | ||
| 007 | t| | ||
| 008 | 021209s1978 sp ||||1| spa d | ||
| 245 | 0 | 0 |
_aHomenaje a Dámaso Alonso / _c[organizado por] Club Urbis. |
| 260 |
_aMadrid : _bClub Urbis, _c1978. |
||
| 300 |
_a133 p. : _bil. ; _c26 cm. |
||
| 600 | 1 | 7 |
_aAlonso, Dámaso, _d1898-1990- _vHomenajes _2 _9144687 |
| 710 | 2 |
_aClub Urbis (Galería) _9172580 |
|
| 852 |
_aES-MaACL _jA-8323 |
||
| 999 |
_c23174 _d23174 |
||